| 000 | 01002nam a22003135a 4500 | ||
|---|---|---|---|
| 003 | EG-ScBUE | ||
| 005 | 20220517114422.0 | ||
| 008 | 160807r20102009enk f 001 0 eng d | ||
| 020 | _a019954378X | ||
| 020 | _a9780199543786 | ||
| 040 |
_aEG-ScBUE _beng _erda _cEG-ScBUE _dEG-ScBUE |
||
| 082 | 0 | 4 |
_222 _a423.13 _bOXF |
| 245 | 0 | 0 |
_aOxford dictionary of English idioms / _cedited by John Ayto. |
| 246 | 3 | 0 | _aEnglish idioms |
| 250 |
_aThird edition, _bEighth impression. |
||
| 264 | 1 |
_aOxford : _bOxford University Press, _c2010. |
|
| 300 |
_a408 pages ; _c20 cm. |
||
| 336 |
_2rdacontent _atext _btxt |
||
| 337 |
_2rdamedia _aunmediated _bn |
||
| 338 |
_2rdacarrier _avolume _bnc |
||
| 490 | 0 | _aOxford quick reference | |
| 500 | _aIncludes index. | ||
| 650 | 7 |
_2BUEsh _93354 _a English language _xIdioms _vDictionaries. |
|
| 651 | _2BUEsh | ||
| 653 |
_cAugust 2016 _bHHUUEENN |
||
| 655 |
_vReading book _934232 |
||
| 700 | 1 |
_92021 _aAyto, John, _eeditor. |
|
| 942 |
_2ddc _e22 _k423.13 OXF _cREFERENCE |
||
| 999 |
_c22125 _d22097 |
||